The Human Dimension of Quality (Record no. 33923)

MARC details
000 -LEADER
fixed length control field 00440nam a22001817a 4500
005 - DATE AND TIME OF LATEST TRANSACTION
control field 20231024152710.0
008 - FIXED-LENGTH DATA ELEMENTS--GENERAL INFORMATION
fixed length control field 231016b |||||||| |||| 00| 0 eng d
020 ## - INTERNATIONAL STANDARD BOOK NUMBER
ISBN 0077090519
082 ## - DEWEY DECIMAL CLASSIFICATION NUMBER
Classification number 658.562
Item number THO-H
100 ## - MAIN ENTRY--AUTHOR
Author Name Thomas; Brian
245 ## - TITLE STATEMENT
Title The Human Dimension of Quality
260 ## - PUBLICATION, DISTRIBUTION, ETC.
Place of Publication England
Name of publisher, distributor, etc. McGraw-Hill
Date of publication, distribution, etc. 1995
300 ## - PHYSICAL DESCRIPTION
Pages 256
500 ## - GENERAL NOTE
General note Include Index
650 ## - SUBJECT ADDED ENTRY--TOPICAL TERM
Subject / Department Management
700 ## - ADDED ENTRY--PERSONAL NAME
Personal name Brian Thomas
952 ## - LOCATION AND ITEM INFORMATION (KOHA)
-- 0
-- 0
Holdings
Lost status Damaged status Collection code Permanent Location Current Location Shelving Location Date acquired Full Call Number Accession No./Barcode Date last seen item type Koha item type
    Management Superior Information Resource Center (SIRC) Superior University- Main Campus Superior Information Resource Center (SIRC) Superior University- Main Campus Management 10/16/2023 658.562 THO-H 1995 20726 10/16/2023 BOOK BOOK

Powered by Koha